| 000 | 00541nam a2200181Ia 4500 | ||
|---|---|---|---|
| 003 | SGT | ||
| 020 | _a9780070636590 | ||
| 082 |
_a5.13 _bTUC |
||
| 100 | _aTucker,Allen B | ||
| 245 | _aProgramming languages | ||
| 250 | _a2nd Ed. | ||
| 260 |
_bTata McGraw Hill Education Private Limited _aNew Delhi _c2010 |
||
| 300 | _a600p. | ||
| 650 | _aCOMPUTER SCIENCE | ||
| 653 | _aOVERVIEW, SYNTAX, LEXICAL AND SYNTACTIC ANALYSIS, SEMANTIC INTERPRETATION, LOGIC PROGRAMMING, PROGRAM CORRECTNESS | ||
| 700 | _aNoonan, Robert E | ||
| 942 |
_2ddc _cBK _015 |
||
| 999 |
_c4929 _d4929 |
||